La Capella del Roser de Valls i les rajoles de la Batalla de Lepant / Jordi París i Fortuny
Descripción Física:
24 p. : il., fot. negre i col. ; 28 cm
Colección:
Quaderns de Valls ; 1
MARC
| LEADER | 00000nam a2200000Ia 4500 | ||
|---|---|---|---|
| 001 | 10995 | ||
| 003 | BGR | ||
| 005 | 20260324175631.0 | ||
| 008 | 160829s9999 xx 000 0 cat d | ||
| 080 | |a FU-27-16 | ||
| 100 | |a París i Fortuny, Jordi |9 35949 | ||
| 245 | |a La Capella del Roser de Valls i les rajoles de la Batalla de Lepant / Jordi París i Fortuny | ||
| 260 | |a [Valls] : |b Ajuntament de Valls, Arxiu Municipal, DL 1990 | ||
| 300 | |a 24 p. : |b il., fot. negre i col. ; |c 28 cm | ||
| 490 | |a Quaderns de Valls ; 1 | ||
| 590 | |a Bibliografia | ||
| 650 | |a Capella del Roser (Valls) |9 35950 | ||
| 650 | |a Lepant, Batalla de, 1571 |x Art |9 35951 | ||
| 650 | |a Rajoles |x Valls |9 35952 | ||
| 710 | 1 | |a Valls (Catalunya). |b Ajuntament |9 53920 | |
| 710 | 1 | |a Arxiu Municipal de Valls |9 70425 | |
| 901 | |a Arxiu | ||
| 942 | |n 1 |2 udc |c MON | ||
| 952 | |0 0 |1 0 |4 0 |6 FU2716 |7 1 |9 47130 |a Arxiu |b Arxiu |d 2016-12-01 |l 0 |o FU-27-16 |p 10995 |r 2016-12-01 00:00:00 |w 2016-12-01 |y ARXIU | ||
| 999 | |c 50925 |d 50925 | ||